01214 2200361 4500001002100000005001500021035002000036007000300056008004100059020002200100082001900122084002100141100002900162245015500191250003200346300004200378650003000420700002600450700003600476700003100512700003800543264004000581336002100621337003000642338002300672040002200695850001200717500004300729990002000772990002000792990002000812990002000832INLIS00000000087466420221024113826 a0010-1022000107ta221006s2016 jkia c j ind d a978-602-0822-19-804223a899.221301 a899.221301 DEM k1 aDemir, CengizePengarang1 aKisah-kisah Nasruddin Hoja /cCengiz Demir; penyunting, Astri K. Alaftadan A., Andriyati; penerjemah, Ati Sumiatindriyati ; ilustrator, Oznur Kalender aCetakan pertama, Maret 2016 a... jilid :bgambar berwarna ;c21 cm 4aCerita pendek--xKumpulan0 aAndriyatiePenyunting0 aAti SumiatindriyatiePenerjemah0 aOznur KalendereIlustrator0 aAstri K. Alaftadan A.ePenyunting31aJakarta Selatan :bRepublika,c2016 2rdacontentateks 2rdamediaatanpa perantara 2rdacarrieravolume aYOPDYOGbinderda aYOPDYOG aYang diterima buku jilid 1 dan jilid 2 a69245-PD/A.2022 a69246-PD/A.2022 a69948-PD/A.2022 a69949-PD/A.2022